00723nab a2200193uuc4500001000800000005001700008008004100025035001200066040001300078041000800091100004200099245008900141650003900230650002900269650002800298650003800326700004600364773011900410130490420250930101337.0121108e20120701 spa  a1304904 ccomduadb aspa10aBurbano Coral, Jaime Andres4auteaut10aAnálisis de distorsión armónica en un sistema eléctrico del sector petrolero aSistemas eléctricos industriales 0aIndustria del petróleo aDistorsión armónica aArmónicas en redes eléctricas10aRamos López, Gustavo Andrés4auteaut0 tMundo Eléctrico (Bogotá)gVolumen 26, Número 088, Julio-Septiembre 2012, 172-176w1173845x1692-70520525839